书目信息 |
| 题名: |
失业保险317问
|
|
| 作者: | 赵浩 , 郭玮 , 王彬 , 徐华宇 编著 | |
| 分册: | ||
| 出版信息: | 北京 法律出版社 2006 |
|
| 页数: | 442页 | |
| 开本: | 21cm | |
| 丛书名: | 五险一金 | |
| 单 册: | ||
| 中图分类: | F842.61 | |
| 科图分类: | ||
| 主题词: | 失业保险--中国--通俗读物 | |
| 电子资源: | ||
| ISBN: | 7-5036-6865-2 | |
| 000 | 00731oam2 2200265 450 | |
| 001 | 1248154765 | |
| 005 | 20121005132330.20 | |
| 010 | @a7-5036-6865-2@dCNY26.00 | |
| 100 | @a20111117d2006 em y0chiy0110 ea | |
| 101 | 0 | @achi |
| 102 | @aCN@b110000 | |
| 105 | @ay zn 000yy | |
| 200 | 1 | @a失业保险317问@Ashi ye bao xian 317 wen@f赵浩[等]编著 |
| 210 | @a北京@c法律出版社@d2006 | |
| 215 | @a442页@d21cm | |
| 225 | 2 | @a五险一金 |
| 461 | 0 | @12001 @a五险一金 |
| 606 | 0 | @a失业保险@y中国@j通俗读物 |
| 690 | @aF842.61@v4 | |
| 701 | 0 | @a赵浩@Azhao hao@4编著 |
| 701 | 0 | @a郭玮@AGuo Wei@4编著 |
| 701 | 0 | @a王彬@Awang bin@4编著 |
| 701 | 0 | @a徐华宇@Axu hua yu@4编著 |
| 801 | 0 | @aCN@bNLC@c20111117 |
| 905 | @a10447@dF842.61@eJY34 | |
| 失业保险317问/赵浩[等]编著.-北京:法律出版社,2006 |
| 442页;21cm.-(五险一金) |
| ISBN 7-5036-6865-2:CNY26.00 |
| ● |
| 相关链接 |
|
|
|
|
正题名:失业保险317问
索取号:F842.61/JY34
 
预约/预借
| 序号 | 登录号 | 条形码 | 馆藏地/架位号 | 状态 | 备注 |
| 1 | 7814348 | 278143484 | 学院路分馆/ [索取号:F842.61/JY34] | 在馆 |